=LDR 00000nam 2200000 4500 =001 INLIS000000000003967 =005 20130612092248 =008 ***********************************Ind** =035 ##$$0010-061300000003967 =041 ##$$a Ind =082 ##$$a 92(Suharto) =090 ##$$a 92(Suharto), Lio d =100 ##$$a Liotohe, Wimanjaya K =245 ##$$a 20 tahun tokoh besar Soeharto, oleh Drs.Wimanjaya K.Liotohe =260 ##$$a [19-?] $b Jakarta =300 ##$$a 64 hlm., ilus., 20 cm =650 ##$$a Suharto, 1921- =850 ##$$a NBPNMAT